LEADER 01108nam--2200349---450- 001 990002159360203316 005 20090227154448.0 035 $a000215936 035 $aUSA01000215936 035 $a(ALEPH)000215936USA01 035 $a000215936 100 $a20041110d1974----km-y0itay0103----ba 101 0 $aita 102 $aIT 105 $a|||-||||001yy 200 1 $a<> tariffe dei noli marittimi nel trasporto mediante containers e l'esigenza di una loro unificazione$fGennaro Ferrara 210 $aNapoli$cIstituto Universale Navale$d1974 215 $a23 p.$d24 cm 410 0$12001 454 1$12001 461 1$1001-------$12001 676 $a387 700 1$aFERRARA,$bGennaro$0100227 801 0$aIT$bsalbc$gISBD 912 $a990002159360203316 951 $a387 FER 1 (IEP V 152)$b8130 E.C.$cIEP V$d00199383 959 $aBK 969 $aECO 979 $aSIAV5$b10$c20041110$lUSA01$h1133 979 $aRSIAV4$b90$c20090227$lUSA01$h1544 996 $aTariffe dei noli marittimi nel trasporto mediante containers e l'esigenza di una loro unificazione$91038684 997 $aUNISA LEADER 01892nam 2200601 a 450 001 9910465952703321 005 20200520144314.0 010 $a1-61728-234-0 035 $a(CKB)2560000000070129 035 $a(EBL)3019930 035 $a(SSID)ssj0000470028 035 $a(PQKBManifestationID)12189969 035 $a(PQKBTitleCode)TC0000470028 035 $a(PQKBWorkID)10532224 035 $a(PQKB)10916952 035 $a(MiAaPQ)EBC3019930 035 $a(Au-PeEL)EBL3019930 035 $a(CaPaEBR)ebr10674938 035 $a(OCoLC)697174429 035 $a(EXLCZ)992560000000070129 100 $a20091118d2010 uy 0 101 0 $aeng 135 $aur|n|---||||| 181 $ctxt 182 $cc 183 $acr 200 10$aHomeostatic role of the parasympathetic nervous system in human behavior$b[electronic resource] /$fAure?lien Pichon and Didier Chapelot 210 $aHauppauge, N.Y. $cNova Science Publishers$dc2010 215 $a1 online resource (60 p.) 225 1 $aNeuroscience research progress series 300 $aDescription based upon print version of record. 311 $a1-60876-804-X 320 $aIncludes bibliographical references (p. [27]-41) and index. 410 0$aNeuroscience research progress series. 606 $aParasympathetic nervous system 606 $aHomeostasis 606 $aFatigue 606 $aHunger 608 $aElectronic books. 615 0$aParasympathetic nervous system. 615 0$aHomeostasis. 615 0$aFatigue. 615 0$aHunger. 676 $a612.8/9 700 $aPichon$b Aure?lien$0923844 701 $aChapelot$b Didier$0923845 801 0$bMiAaPQ 801 1$bMiAaPQ 801 2$bMiAaPQ 906 $aBOOK 912 $a9910465952703321 996 $aHomeostatic role of the parasympathetic nervous system in human behavior$92073284 997 $aUNINA